000 00632nam a2200229Ia 4500
008 180523s9999 xx 000 0 und d
020 _a0-07-123732-1
050 _aMAIN QD 253.2
050 _b.D46 2004 c.2
100 _aDenniston, Katherine J.
245 0 _aGeneral, organic, and biochemistry /
245 0 _cKatherine J. Denniston, Joseph J. Topping, Robert L. Caret.
250 _a4th Edition
260 _bMcGraw-Hill,
260 _c2004
300 _a880 pages :
300 _billustrations ;
300 _c24 cm.
500 _aIncludes index.
650 _aChemistry, Organic.
650 _xBiochemistry.
999 _c357532
_d357532